Growing up with science : (Record no. 112340)
[ view plain ]
| 000 -LEADER | |
|---|---|
| fixed length control field | 00716nam a2200217 a 4500 |
| 001 - CONTROL NUMBER | |
| control field | 3883 |
| 005 - DATE AND TIME OF LATEST TRANSACTION | |
| control field | 20140414131934.0 |
| 008 - FIXED-LENGTH DATA ELEMENTS--GENERAL INFORMATION | |
| fixed length control field | 040601s19uu xx 00 eng d |
| 050 ## - LIBRARY OF CONGRESS CALL NUMBER | |
| Classification number | REF 503.21 |
| Item number | G89 1987 |
| 245 ## - TITLE STATEMENT | |
| Title | Growing up with science : |
| Remainder of title | the illustrated encyclopedia of invention / |
| Statement of responsibility, etc | executive editor Michael Dempsey. |
| 260 ## - PUBLICATION, DISTRIBUTION, ETC. (IMPRINT) | |
| Place of publication, distribution, etc | Westport, CT : |
| Name of publisher, distributor, etc | H. S. Stuttman, |
| Date of publication, distribution, etc | 1987. |
| 300 ## - PHYSICAL DESCRIPTION | |
| Extent | 25 v. ; 96 P. . : ill. ; cm. |
| 500 ## - GENERAL NOTE | |
| General note | Includes index |
| 650 ## - SUBJECT ADDED ENTRY--TOPICAL TERM | |
| Topical term or geographic name as entry element | Science--encyclopedias. |
| 650 ## - SUBJECT ADDED ENTRY--TOPICAL TERM | |
| Topical term or geographic name as entry element | Discoveries in science. |
| 650 ## - SUBJECT ADDED ENTRY--TOPICAL TERM | |
| Topical term or geographic name as entry element | Technology--Encyclopedias. |
| 650 ## - SUBJECT ADDED ENTRY--TOPICAL TERM | |
| Topical term or geographic name as entry element | Inventions--Encycloepdias. |
| 650 ## - SUBJECT ADDED ENTRY--TOPICAL TERM | |
| Topical term or geographic name as entry element | Science--Dictionaries. |
| 650 ## - SUBJECT ADDED ENTRY--TOPICAL TERM | |
| Topical term or geographic name as entry element | Technology--Dictionaries. |
| Withdrawn status | Lost status | Damaged status | Use restrictions | Home library | Current library | Shelving location | Date acquired | Source of acquisition | Total Checkouts | Full call number | Barcode | Date last seen | Price effective from | Koha item type |
|---|---|---|---|---|---|---|---|---|---|---|---|---|---|---|
| Munich Library | Munich Library | Reference Section | 06/01/2004 | REF 503.21 G89 1987 | M3623 | 04/14/2014 | 04/14/2014 | Books |